Aspectos civiles de la restitución internacional de personas menores de edad : (Record no. 63044)
[ view plain ]
| 000 -LEADER | |
|---|---|
| campo de control de longitud fija | 01151cam a2200313 a 4500 |
| 001 - NÚMERO DE CONTROL | |
| campo de control | 90327 |
| 005 - FECHA Y HORA DE LA ÚLTIMA TRANSACCIÓN | |
| campo de control | 20230410123521.0 |
| 008 - DATOS DE LONGITUD FIJA--INFORMACIÓN GENERAL | |
| campo de control de longitud fija | 091206s2009 dr bl 000 0 spa |
| 035 ## - NÚMERO DE CONTROL DEL SISTEMA | |
| Número de control de sistema | 16018463 |
| 010 ## - NÚMERO DE CONTROL DE LA BIBLIOTECA DEL CONGRESO | |
| Número de control de LC | 2010386600 |
| 035 ## - NÚMERO DE CONTROL DEL SISTEMA | |
| Número de control de sistema | (PR-SjLB)dh0912983702 |
| 040 ## - FUENTE DE CATALOGACIÓN | |
| Centro catalogador/agencia de origen | DLC |
| Centro/agencia transcriptor | DLC |
| 043 ## - CÓDIGO DE ÁREA GEOGRÁFICA | |
| Código de área geográfica | nwdr--- |
| 050 14 - SIGNATURA TOPOGRÁFICA DE LA BIBLIOTECA DEL CONGRESO | |
| Número de clasificación | KGQ 462 |
| Número de ítem | C348a 2009 |
| 100 1# - ENTRADA PRINCIPAL--NOMBRE DE PERSONA | |
| Nombre de persona | Castellanos Estrella, Victor José |
| 245 10 - MENCIÓN DEL TÍTULO | |
| Título | Aspectos civiles de la restitución internacional de personas menores de edad : |
| Resto del título | legal kidnapping, abduction o enlevement / |
| Mención de responsabilidad, etc. | Víctor José Castellanos Estrella. |
| 250 ## - MENCION DE EDICION | |
| Mención de edición | 1. ed. |
| 260 ## - PUBLICACIÓN, DISTRIBUCIÓN, ETC. | |
| Lugar de publicación, distribución, etc. | Santo Domingo, Rep. Dom. : |
| Nombre del editor, distribuidor, etc. | Corripio, |
| Fecha de publicación, distribución, etc. | 2009 |
| 300 ## - DESCRIPCIÓN FÍSICA | |
| Extensión | 747 p. ; |
| Dimensiones | 22 cm. |
| 504 ## - NOTA DE BIBLIOGRAFÍA, ETC. | |
| Nota de bibliografía, etc. | Includes bibliographical references. |
| 650 #0 - PUNTO DE ACCESO ADICIONAL DE MATERIA--TÉRMINO DE MATERIA | |
| Término de materia o nombre geográfico como elemento de entrada | Minors |
| Subdivisión geográfica | Dominican Republic. |
| 650 #0 - PUNTO DE ACCESO ADICIONAL DE MATERIA--TÉRMINO DE MATERIA | |
| Término de materia o nombre geográfico como elemento de entrada | Children |
| Subdivisión general | Legal status, laws, etc. |
| Subdivisión geográfica | Dominican Republic. |
| 650 #0 - PUNTO DE ACCESO ADICIONAL DE MATERIA--TÉRMINO DE MATERIA | |
| Término de materia o nombre geográfico como elemento de entrada | Parent and child (Law) |
| Subdivisión geográfica | Dominican Republic. |
| 650 #0 - PUNTO DE ACCESO ADICIONAL DE MATERIA--TÉRMINO DE MATERIA | |
| Término de materia o nombre geográfico como elemento de entrada | Parental kidnapping |
| Subdivisión geográfica | Dominican Republic. |
| 650 #0 - PUNTO DE ACCESO ADICIONAL DE MATERIA--TÉRMINO DE MATERIA | |
| Término de materia o nombre geográfico como elemento de entrada | Child support |
| Subdivisión general | Law and legislation |
| Subdivisión geográfica | Dominican Republic. |
| 925 0# - | |
| -- | acquire |
| -- | 1 shelf copy |
| -- | GG 2010-04-07 |
| 942 ## - ELEMENTOS DE ENTRADA SECUNDARIOS (KOHA) | |
| Fuente del sistema de clasificación o colocación | Clasificación de Library of Congress |
| Tipo de ítem Koha | |
| 923 ## - | |
| -- | 20091206 |
| -- | 9837 |
| -- | PR-SjLB |
| Estatus retirado | Estado de pérdida | Fuente del sistema de clasificación o colocación | Estado de daño | No para préstamo | Colección | Biblioteca de origen | Biblioteca actual | Ubicación en estantería | Fecha de adquisición | Serial enumeration / chronology | Signatura topográfica completa | Código de barras | Visto por última vez | Copia número | Tipo de ítem Koha |
|---|---|---|---|---|---|---|---|---|---|---|---|---|---|---|---|
| Clasificación de Library of Congress | Ciencias Sociales | Biblioteca Juan Bosch | Biblioteca Juan Bosch | Ciencias Sociales (3er. Piso) | 10/04/2023 | 1 | KGQ 462 C348a 2009 | 00000080076 | 24/10/2018 | 1 |
